[Event "Challenge"]
[Site "http://www.queenalice.com/game.php?id=90344"]
[Date "2006.7.28"]
[Round "-"]
[White "Chaplin"]
[Black "hollis1us"]
[Result "0-1"]
[WhiteElo "1271"]
[BlackElo "1465"]

1. e4 e5 2. Nf3 d6 3. d4 exd4 4. Nxd4 Bd7 5. Bc4 Nc6 6. Qf3 Qf6 7. Qxf6 Nxf6 8.
Nc3 Nxd4 9. Bd3 a6 10. Bg5 Be7 11. O-O h6 12. Be3 Ne6 13. Rad1 O-O-O 14. f4 Ng4
15. Nd5 Nxe3 16. Nxe3 Bf6 17. c3 g5 18. e5 gxf4 19. Ng4 Bxe5 20. Bf5 h5 21. Nf2
Bc6 22. Rd3 Rhg8 23. Bxe6+ fxe6 24. Ne4 Bxe4 25. Rh3 Bxg2 26. Rf2 Bxh3+ 0-1

[Event "AUTO-INT-121"]
[Site "http://www.queenalice.com/game.php?id=90387"]
[Date "2006.7.29"]
[Round "1"]
[White "Chaplin"]
[Black "toguints"]
[Result "0-1"]
[WhiteElo "1321"]
[BlackElo "1564"]

1. e4 Nc6 2. Nf3 b6 3. Bb5 Bb7 4. Bxc6 Bxc6 5. d3 d6 6. O-O e5 7. Bg5 f6 8. Bd2
Ne7 9. Qe2 g5 10. d4 Ng6 11. Bc3 Qd7 12. h3 Bb5 13. Qe3 Bxf1 14. Kxf1 g4 15.
hxg4 Qxg4 16. Nbd2 Nf4 17. Ke1 Nxg2+ 18. Ke2 Nxe3 19. Rg1 Qh3 20. fxe3 exd4 21.
exd4 Qe6 22. d5 Qf7 23. Bd4 Rc8 24. c4 Rg8 25. Rxg8 Qxg8 26. Bxf6 Qg2+ 27. Ke3
Bh6+ 28. Kd3 Bxd2 29. Nxd2 Kf7 30. Bh4 Qh3+ 31. Kd4 Qxh4 32. Nf3 Qf6+ 0-1

[Event "AUTO-INT-121"]
[Site "http://www.queenalice.com/game.php?id=90388"]
[Date "2006.7.29"]
[Round "1"]
[White "toguints"]
[Black "Chaplin"]
[Result "1-0"]
[WhiteElo "1535"]
[BlackElo "1307"]

1. e4 c5 2. Nf3 e6 3. Nc3 Nc6 4. Bb5 a6 5. Bxc6 dxc6 6. Ne5 Bd6 7. Qg4 Bxe5 8.
f4 Nf6 9. Qxg7 Rg8 10. Qh6 Bxc3 11. dxc3 Nxe4 12. Qxh7 Rxg2 13. Qxe4 Qh4+ 14.
Kd1 Rxh2 15. Rxh2 Qxh2 16. Qe2 Qxe2+ 17. Kxe2 Bd7 18. Be3 c4 19. Kf3 O-O-O 20.
Rd1 f6 21. Ke4 Be8 22. Rxd8+ Kxd8 23. Kd4 b5 24. b3 cxb3 25. cxb3 Kd7 26. a4
bxa4 27. bxa4 Bg6 28. c4 Bc2 29. a5 Kd6 30. c5+ Ke7 31. Kc3 Bg6 32. Bd4 Kf7 33.
Kc4 Bh5 34. Kd3 Kg6 35. Ke4 Bg4 36. Be5 f5+ 37. Kd4 Bd1 38. Bc7 Kh5 39. Ke5 Bb3
40. Kd6 Ba4 41. Kxe6 Bc2 42. Kd6 1-0

[Event "AUTO-INT-121"]
[Site "http://www.queenalice.com/game.php?id=90389"]
[Date "2006.7.29"]
[Round "1"]
[White "Chaplin"]
[Black "Mayaune"]
[Result "0-1"]
[WhiteElo "1259"]
[BlackElo "1650"]

1. e4 e5 2. Nf3 d6 3. d4 Bg4 4. h3 Bh5 5. g4 Bg6 6. dxe5 Bxe4 7. Bd3 Bc6 8. Bc4
d5 9. Bb3 Bc5 10. O-O Nd7 11. Bxd5 Bxd5 12. Qxd5 c6 13. Qd3 Qe7 14. Be3 O-O-O
15. Nc3 Nxe5 16. Qf5+ Nd7 17. Ne5 Bxe3 18. Nxf7 Rf8 0-1

[Event "AUTO-INT-121"]
[Site "http://www.queenalice.com/game.php?id=90390"]
[Date "2006.7.29"]
[Round "1"]
[White "Mayaune"]
[Black "Chaplin"]
[Result "1-0"]
[WhiteElo "1555"]
[BlackElo "1232"]

1. e4 c5 2. Bc4 e6 3. Nc3 Nf6 4. Nf3 d5 5. exd5 exd5 6. Bb5+ Bd7 7. Bxd7+ Qxd7
8. O-O d4 9. Ne5 Qd6 10. Nc4 Qc7 11. Re1+ Be7 12. Ne4 Nxe4 13. Rxe4 O-O 14. d3
Nd7 15. Rxe7 Rae8 16. Qe1 Rxe7 17. Qxe7 Qd8 18. Qxd8 Rxd8 19. Bf4 Nf6 20. Re1
Nd5 21. Bd6 Nb4 22. Bxc5 Nxc2 23. Re7 b6 24. Bd6 Nb4 25. Bc7 Rc8 26. Nd6 Nd5 27.
Re8+ Rxe8 28. Nxe8 Nb4 29. a3 Nxd3 30. b3 Nb2 31. Be5 d3 32. Bc3 Nd1 33. Bd2 Nb2
34. Kf1 Kf8 35. Nd6 a5 36. Bc3 1-0

[Event "AUTO-INT-121"]
[Site "http://www.queenalice.com/game.php?id=90391"]
[Date "2006.7.29"]
[Round "1"]
[White "Chaplin"]
[Black "Pops"]
[Result "1-0"]
[WhiteElo "1179"]
[BlackElo "1364"]

1. e4 Nf6 2. e5 Ne4 3. d3 Nc5 4. d4 Ne4 5. Qe2 d5 6. f3 Nd6 7. exd6 cxd6 8. Qb5+
Nc6 9. Qxd5 Qa5+ 10. Qxa5 Nxa5 11. c4 e5 12. dxe5 dxe5 13. Nc3 Bb4 14. Ne2 h6
15. b3 O-O 16. f4 e4 17. Bd2 Re8 18. Nd5 Bxd2+ 19. Kxd2 Nc6 20. Nc7 Rd8+ 21. Kc3
Rb8 22. h3 Bf5 23. g4 Rd3+ 24. Kc2 Nb4+ 25. Kb2 e3 26. Ng3 Rd2+ 27. Kc3 Nc2 28.
Rc1 Rc8 29. Rxc2 Rxc2+ 30. Kd4 Rd2+ 31. Kxe3 Rd7 32. Nd5 Re8+ 33. Kf3 Be6 34.
Ne3 g5 35. fxg5 hxg5 36. Nh5 a6 37. Nf6+ 1-0

[Event "AUTO-INT-121"]
[Site "http://www.queenalice.com/game.php?id=90392"]
[Date "2006.7.29"]
[Round "1"]
[White "Pops"]
[Black "Chaplin"]
[Result "0-1"]
[WhiteElo "1310"]
[BlackElo "1202"]

1. e4 c5 2. Nc3 e6 3. d4 Nc6 4. d5 exd5 5. Nxd5 Nf6 6. Bf4 Nxe4 7. Nc7+ Ke7 8.
f3 Qxc7 9. Ne2 Qa5+ 10. Bd2 Nxd2 11. Qxd2 Qxd2+ 12. Kxd2 b6 13. Nc3 Kd8 14. Nb5
Ba6 15. Re1 Bd6 16. Nxd6 Bxf1 17. Rhxf1 Kc7 18. Nxf7 Rhf8 19. Ne5 Nxe5 20. Rxe5
d6 21. Re7+ Kd8 22. Rxg7 Rh8 23. Re1 Rc8 24. Ree7 a6 25. Ke3 d5 26. Rxh7 Rxh7
27. Rxh7 b5 28. g4 d4+ 29. Ke4 Rc7 30. Rh8+ Kd7 31. Rh7+ Kd6 32. Rh6+ Kd7 33.
Rxa6 b4 34. Kd5 Ke7 35. Re6+ Kf7 36. Kd6 Ra7 0-1

[Event "AUTO-BEG-17"]
[Site "http://www.queenalice.com/game.php?id=91788"]
[Date "2006.8.2"]
[Round "1"]
[White "rico"]
[Black "Chaplin"]
[Result "1-0"]
[WhiteElo "1316"]
[BlackElo "1319"]

1. e3 d5 2. Qf3 e5 3. c4 Nf6 4. Nh3 e4 5. Qf4 Bxh3 6. gxh3 Bd6 7. Qh4 Nc6 8. Qg5
h6 9. Qxg7 Ke7 10. cxd5 Nxd5 11. Bc4 Ndb4 12. Qxf7# 1-0

[Event "AUTO-BEG-17"]
[Site "http://www.queenalice.com/game.php?id=91789"]
[Date "2006.8.2"]
[Round "1"]
[White "Chaplin"]
[Black "rico"]
[Result "0-1"]
[WhiteElo "1202"]
[BlackElo "1313"]

1. e4 e6 2. Nf3 Nf6 3. Nc3 d5 4. exd5 Nxd5 5. Nxd5 exd5 6. d4 Qe7+ 7. Be3 Bg4 8.
Bb5+ c6 9. Be2 Bxf3 10. Bxf3 g6 11. O-O Nd7 12. c3 h5 13. Qb3 Nb6 14. Rfe1 Nc4
15. Bf4 Qxe1+ 16. Rxe1+ Be7 17. Qxb7 Nb6 18. Qxc6+ Kd8 0-1

[Event "AUTO-BEG-17"]
[Site "http://www.queenalice.com/game.php?id=91796"]
[Date "2006.8.2"]
[Round "1"]
[White "ariel"]
[Black "Chaplin"]
[Result "1-0"]
[WhiteElo "1194"]
[BlackElo "1300"]

1. d4 Nf6 2. e3 d5 3. Nc3 b6 4. f4 c5 5. dxc5 bxc5 6. Nf3 Bg4 7. Qe2 Qa5 8. Bd2
Qb6 9. Nb5 Bxf3 10. Nc3 Bxe2 11. Kxe2 Qxb2 12. Nd1 Qxa1 13. Nf2 Qxa2 14. Kf3
Qxc2 15. Bb5+ Nbd7 16. Rc1 Qxd2 17. Rd1 Qb4 18. Rb1 Qxb1 19. Bc6 g6 20. Ng4 1-0

[Event "AUTO-BEG-17"]
[Site "http://www.queenalice.com/game.php?id=91797"]
[Date "2006.8.2"]
[Round "1"]
[White "Chaplin"]
[Black "ariel"]
[Result "0-1"]
[WhiteElo "1280"]
[BlackElo "1214"]

1. e4 c5 2. Nf3 Nf6 3. Nc3 Nc6 4. Bb5 a6 5. Bxc6 dxc6 6. b3 g6 7. d4 e5 8. dxe5
Qxd1+ 9. Nxd1 Bg4 10. exf6 b5 11. O-O c4 12. Ne5 h5 13. Nxc6 Rd8 14. Nxd8 Kxd8
15. Bg5 a5 16. Nc3 Bc5 17. Nxb5 Ke8 18. e5 cxb3 19. axb3 Be2 0-1

[Event "AUTO-BEG-18"]
[Site "http://www.queenalice.com/game.php?id=93875"]
[Date "2006.8.8"]
[Round "1"]
[White "cabalbarreto"]
[Black "Chaplin"]
[Result "1-0"]
[WhiteElo "1184"]
[BlackElo "1251"]

1. e4 e5 2. Nf3 d6 3. Bc4 h6 4. d4 Nf6 5. O-O Nxe4 6. Nc3 Nxc3 7. bxc3 d5 8.
Bb5+ c6 9. Ba4 exd4 10. cxd4 Bd6 11. Re1+ Be6 12. c4 dxc4 13. d5 Qd7 14. Nd4 O-O
15. dxe6 fxe6 16. Nxe6 Rf6 17. Nd4 b5 18. Bc2 Bb4 19. Re2 Rd6 20. Bf5 Rxd4 21.
Bd2 Bxd2 22. Bxd7 Nxd7 23. g3 Bc3 24. Rc1 1-0

[Event "AUTO-BEG-18"]
[Site "http://www.queenalice.com/game.php?id=93895"]
[Date "2006.8.8"]
[Round "1"]
[White "Chaplin"]
[Black "Harir"]
[Result "0-1"]
[WhiteElo "1321"]
[BlackElo "1437"]

1. e4 e5 2. f4 exf4 3. Nf3 g5 4. h4 g4 5. Nd4 d6 6. d3 Nh6 7. Bxf4 Bg7 8. c3 Nc6
9. Bxh6 Bxh6 10. Nxc6 bxc6 11. Be2 Qd7 12. Bxg4 Qxg4 13. Qxg4 Bxg4 14. O-O Be2
15. Rf6 Be3+ 16. Kh2 Bc1 17. Rf2 Bxb2 18. Rxe2 Bxa1 19. a3 Rb8 20. Re1 Rb3 21.
g4 Bxc3 22. Nxc3 Rxc3 0-1

[Event "AUTO-BEG-18"]
[Site "http://www.queenalice.com/game.php?id=93896"]
[Date "2006.8.8"]
[Round "1"]
[White "Harir"]
[Black "Chaplin"]
[Result "1-0"]
[WhiteElo "1327"]
[BlackElo "1328"]

1. e4 c5 2. Bc4 e6 3. Nc3 Nc6 4. Nf3 g6 5. d4 Bg7 6. Bg5 f6 7. Be3 f5 8. exf5
cxd4 9. Bxd4 Nxd4 10. Nxd4 exf5 11. O-O b6 12. Re1+ Ne7 13. Nxf5 gxf5 14. Qh5+
Kf8 15. Qf7# 1-0

[Event "AUTO-BEG-19"]
[Site "http://www.queenalice.com/game.php?id=94605"]
[Date "2006.8.11"]
[Round "1"]
[White "Baranduin"]
[Black "Chaplin"]
[Result "1-0"]
[WhiteElo "1504"]
[BlackElo "1257"]

1. Nf3 d5 2. d4 Bg4 3. Ne5 Nf6 4. Nxg4 Nxg4 5. e4 dxe4 6. Qxg4 Nc6 7. c3 e6 8.
Qxe4 g6 9. Bb5 f5 10. Bxc6+ bxc6 11. Qxc6+ Kf7 12. Bf4 Bd6 13. Bxd6 cxd6 14. Nd2
Re8 15. O-O Qc8 16. Qxc8 Raxc8 17. Rfe1 e5 18. dxe5 dxe5 19. Rad1 e4 20. Nb3 h5
21. Rd7+ Re7 22. Red1 Rxd7 23. Rxd7+ Ke8 24. Rxa7 Rd8 25. g3 Rd1+ 26. Kg2 Rb1
27. c4 Rxb2 28. c5 1-0

[Event "AUTO-BEG-19"]
[Site "http://www.queenalice.com/game.php?id=94606"]
[Date "2006.8.11"]
[Round "1"]
[White "Chaplin"]
[Black "Baranduin"]
[Result "0-1"]
[WhiteElo "1317"]
[BlackElo "1479"]

1. e4 c5 2. Nf3 d6 3. Bc4 Nf6 4. Ng5 e6 5. f4 Nc6 6. Nc3 Be7 7. O-O a6 8. f5 d5
9. Bd3 h6 10. Nf3 dxe4 11. Nxe4 O-O 12. fxe6 Bxe6 13. Qe2 Nd4 14. Qd1 c4 15. Be2
Nxe4 16. d3 Nxe2+ 17. Qxe2 cxd3 18. Qxe4 dxc2 19. Qxc2 Qc8 20. Qxc8 Raxc8 21.
Nd4 Bc5 22. Be3 Rfd8 23. Rac1 Bxd4 24. Rxc8 Bxe3+ 25. Kh1 Rxc8 26. Rf3 Rc1+ 0-1

[Event "AUTO-BEG-19"]
[Site "http://www.queenalice.com/game.php?id=94621"]
[Date "2006.8.11"]
[Round "1"]
[White "Admilton"]
[Black "Chaplin"]
[Result "1-0"]
[WhiteElo "986"]
[BlackElo "1261"]

1. d4 Nf6 2. Qd3 d5 3. Nc3 e6 4. e3 Bb4 5. Qb5+ Bd7 6. Qxb4 Nc6 7. Qxb7 O-O 8.
Bb5 Qb8 9. Qxb8 Raxb8 10. Bxc6 Bxc6 11. Nf3 Bb7 12. Ne5 Rbc8 13. Nb5 a6 14. Nc3
c5 15. O-O cxd4 16. exd4 Rc4 17. Nxc4 dxc4 18. b4 cxb3 19. cxb3 Rd8 20. Be3 1-0

[Event "AUTO-BEG-19"]
[Site "http://www.queenalice.com/game.php?id=94622"]
[Date "2006.8.11"]
[Round "1"]
[White "Chaplin"]
[Black "Admilton"]
[Result "0-1"]
[WhiteElo "1261"]
[BlackElo "1042"]

1. e4 e5 2. Nf3 Nc6 3. Bb5 Nd4 4. Nxd4 exd4 5. c3 c6 6. Bc4 d5 7. exd5 cxd5 8.
Bb3 Nf6 9. cxd4 Ne4 10. Qf3 f5 11. d3 Qa5+ 12. Nc3 Nxc3 13. Bd2 Bb4 14. bxc3
Bxc3 15. O-O-O Qc7 16. Ba4+ Bd7 17. Bxd7+ Ke7 18. Bxf5 Bxd2+ 19. Kxd2 Qa5+ 20.
Ke2 Qxa2+ 0-1

[Event "AUTO-BEG-19"]
[Site "http://www.queenalice.com/game.php?id=94631"]
[Date "2006.8.11"]
[Round "1"]
[White "Warrior"]
[Black "Chaplin"]
[Result "1-0"]
[WhiteElo "1737"]
[BlackElo "1259"]

1. e4 e5 2. f4 exf4 3. Nf3 Nf6 4. e5 Nd5 5. c4 Nb6 6. d4 d5 7. c5 Nc4 8. Bxc4
dxc4 9. Bxf4 Bg4 10. Nbd2 Nc6 11. Qa4 a6 12. Qxc4 b5 13. cxb6 Na5 14. Qa4+ Qd7
15. Qxa5 cxb6 16. Qxb6 Qe6 17. Qxe6+ 1-0

[Event "AUTO-BEG-19"]
[Site "http://www.queenalice.com/game.php?id=94632"]
[Date "2006.8.11"]
[Round "1"]
[White "Chaplin"]
[Black "Warrior"]
[Result "0-1"]
[WhiteElo "1261"]
[BlackElo "1735"]

1. e4 c5 2. Nf3 g6 3. Bc4 Bg7 4. c3 e6 5. d3 d5 6. Bb5+ Bd7 7. Qa4 dxe4 8. dxe4
Nf6 9. Bg5 Qc7 10. Bxf6 Bxf6 11. Nbd2 O-O 12. Bxd7 Qxd7 13. Qxd7 Nxd7 14. O-O
Rad8 15. Rad1 b5 16. c4 b4 17. Nb3 Bxb2 18. Na5 Ne5 0-1